000 00318nam a22001337a 4500
008 250303b |||||||| |||| 00| 0 eng d
020 _a0435330055
050 _aHD58.5
_b.H39
100 _aBAZEN, Stephen
245 _aDeindustrialization
260 _aOxford
_bHeineman Education
_c1973
300 _a92p.
942 _cBK
999 _c2023
_d2023